000 00264nam a22001217a 4500
008 181102b xxu||||| |||| 00| 0 eng d
041 _aeng
080 _a612.39
100 _a10
101 _aNUT
245 _aSuper-Nutrition
_cPasswater,R.A
942 _2udc
_cBK
999 _c51705
_d51705